Design and development of voice command recognition system (Record no. 322819)
[ view plain ]
| 000 -LEADER | |
|---|---|
| fixed length control field | 00372 a2200133 4500 |
| 001 - CONTROL NUMBER | |
| control field | 87746 |
| 082 ## - DEWEY DECIMAL CLASSIFICATION NUMBER | |
| Classification number | PR 123 |
| 090 ## - LOCALLY ASSIGNED LC-TYPE CALL NUMBER (OCLC); LOCAL CALL NUMBER (RLIN) | |
| -- | 41205 |
| -- | 41205 |
| 100 ## - MAIN ENTRY--PERSONAL NAME | |
| Personal name | Abid Karim, SGC 50059 |
| 245 ## - TITLE STATEMENT | |
| Title | Design and development of voice command recognition system |
| 260 ## - PUBLICATION, DISTRIBUTION, ETC. | |
| Place of publication, distribution, etc. | Risalpur |
| Name of publisher, distributor, etc. | NUST Risalpur |
| Date of publication, distribution, etc. | 2010 |
| 300 ## - PHYSICAL DESCRIPTION | |
| Extent | x, 59p. |
| Accompanying material | Mohammad Asim, Sqn Ldr |
| 500 ## - GENERAL NOTE | |
| General note | BE Project Reports |
| 942 ## - ADDED ENTRY ELEMENTS (KOHA) | |
| Institution code [OBSOLETE] | CAE NUST |
| Call number prefix | PR 123 |
| Withdrawn status | Lost status | Damaged status | Not for loan | Collection code | Permanent Location | Current Location | Date acquired | Total Checkouts | Full call number | Barcode | Date last seen | Price effective from | Koha item type |
|---|---|---|---|---|---|---|---|---|---|---|---|---|---|
| College of Aeronautical Engineering (CAE) | College of Aeronautical Engineering (CAE) | 04/03/2017 | PR 123 | CAEPR-123 | 04/05/2017 | 04/05/2017 | Book |
